Statistics for Top 10 US States With The Most Average Tornadoes Per Year

Click here to take the quiz!

General Stats

  • This quiz has been taken 46 times
  • The average score is 9 of 10

Answer Stats

#TornadoesState% Correct
62Oklahoma
100%
155Texas
100%
45Missouri
98%
51Iowa
95%
96Kansas
95%
54Illinois
90%
66Florida
88%
57Nebraska
88%
53Colorado
86%
45Minnesota
71%

Score Distribution

Percentile by Number Answered

Percent of People with Each Score

Your Score History

You have not taken this quiz